| 000 | 00586nam a22002057a 4500 | ||
|---|---|---|---|
| 003 | Ost | ||
| 005 | 20230407153650.0 | ||
| 008 | 190320b ||||| |||| 00| 0 eng d | ||
| 020 | _a9780761968047 | ||
| 040 | _cBT-PhCST | ||
| 050 | _a21502-21504 | ||
| 082 |
_222 _a300.72 _bBAL |
||
| 100 | _aBalnaves, Mark. | ||
| 245 |
_aIntroduction to quantitative research methods : _ban investigative approach / |
||
| 260 |
_aLondon : _bSage Publications, _cc2001. |
||
| 300 |
_ax, 68047 p. : _bill. ; _c24 cm. _eCD Rom |
||
| 500 | _aIncludes index. | ||
| 700 | _aCaputi, Peter. | ||
| 942 |
_2ddc _cGEN |
||
| 999 |
_c7052 _d7052 |
||